Technológie a inovačný potenciál - významný faktor determinujúci úspech spoločnosti v novom ekonomickom prostredí

Význam informácií, znalostná spoločnosť. Hodnotenie prístupu k informáciám. Metodológia znalostného hodnotenia Svetovej banky. Metodika EÚ - Súhrnný inovačný index. Postavenie krajín v oblasti inovačného rozvoja. Hodnotenie výkonnosti Slovenska na základe Súhrnného inovačného indexu. Napriek vysokým...

Ausführliche Beschreibung

Gespeichert in:
Bibliographische Detailangaben
1. Verfasser: Pásztorová, Jana, 1960-
Format: Buchkapitel
Sprache:Slowakisch
Schlagworte:
Tags: Tag hinzufügen
Keine Tags, Fügen Sie das erste Tag hinzu!

MARC

LEADER 00000naa$a2200000$$$4500
001 0070897
005 20240502071840.9
041 0 |a slo 
044 |a SK 
245 1 0 |a Technológie a inovačný potenciál - významný faktor determinujúci úspech spoločnosti v novom ekonomickom prostredí  |c Jana Pásztorová 
520 |a Význam informácií, znalostná spoločnosť. Hodnotenie prístupu k informáciám. Metodológia znalostného hodnotenia Svetovej banky. Metodika EÚ - Súhrnný inovačný index. Postavenie krajín v oblasti inovačného rozvoja. Hodnotenie výkonnosti Slovenska na základe Súhrnného inovačného indexu. Napriek vysokým tempám rastu HDP, Slovensko dosahuje slabú inovačnú výkonnosť. Príležitosťou pre budovanie spoločnosti založenej na nových poznatkoch, technológiách a inováciách je možnosť čerpania finančných zdrojov zo štrukturálnych fondov a prijatie inovačnej stratégie. 
610 2 0 |a spoločnosť vedomostná 
610 2 0 |a informácie 
610 2 0 |a ekonomika vedomostná 
610 2 0 |a vedomosti 
610 2 0 |a inovácia 
610 2 0 |a výkonnosť 
610 2 0 |a rozvoj vedecký 
610 2 0 |a rozvoj technický 
610 2 0 |a výskum 
610 2 0 |a technológie informačné 
610 2 0 |a technológie komunikačné 
610 2 0 |a transfer inovácií 
610 2 0 |a Slovensko 
100 1 |a Pásztorová, Jana, 1960-